Science and technology in the management of complex problems

Gorde:
Xehetasun bibliografikoak
Erakunde egilea: Organisation for Economic Co-operation and Development
Formatua: Liburua
Hizkuntza:Undetermined
Argitaratua: Paris Organisation for Economic Co-operation and Development 1976
Gaiak:
Etiketak: Etiketa erantsi
Etiketarik gabe, Izan zaitez lehena erregistro honi etiketa jartzen!
Thư viện lưu trữ: Trung tâm Học liệu Trường Đại học Cần Thơ
LEADER 00628nam a2200181Ia 4500
001 CTU_84361
008 210402s9999 xx 000 0 und d
082 |a 338.4 
082 |b O.68 
110 |a Organisation for Economic Co-operation and Development 
245 0 |a Science and technology in the management of complex problems 
245 0 |c Organisation for Economic Co-operation and Development 
260 |a Paris 
260 |b Organisation for Economic Co-operation and Development 
260 |c 1976 
650 |a Technological policy 
904 |i QHieu(sửa) 
980 |a Trung tâm Học liệu Trường Đại học Cần Thơ